00510 2200193 4500001002100000005001500021035002000036008004100056082001300097090001900110100001900129245005700148260004000205300002000245650001000265650000900275084001900284990001300303INLIS00000000000249220260509030930 a0010-0521002492260509 g 0 dut  a929(910) a929(910) MEE d0 aMEERBURG, J.W.1 aDagboek van den controleur van Bima /cJ.W. Meerburg aBatavia :bAlbrecht & Rusche,c1892 a36 p. ;c22 cm. 4aDIARY 4aBIMA a929(910) MEE d aL8129/72